000 00673nam a2200241 a 4500
999 _c1627
_d1627
007 ta
008 200113t2005 xxkad||| |||| 001 0 eng d
020 _a9780521178730
_c£. 38.99
040 _aKO
_beng
041 0 _aeng
044 _axxk
082 0 4 _223
_a623.81
_bF199
100 1 _aFaltinsen, Odd M.
245 1 0 _aHydrodynamics of High-Speed Marine Vehicles /
_cOdd M. Faltinsen
260 _aCambridge :
_bCambridge University Press ,
_c2005.
300 _axix , 454 p. :
_bill., Charts. ;
_c26 cm.
504 _aIncludes Index.
650 0 _aHydrodynamics
_vTextbooks
650 0 _aHydrofoil boats
_vTextbooks
904 _aReshma_R
942 _cBK